Normal view
MARC view
- Bas, Teresa
Entry Nombre Personal
001 - NUMERO DE CONTROL
- campo de control: 47288
003 - IDENTIFICADOR DE NUMERO DE CONTROL
- campo de control: UPN
005 - FECHA Y HORA DE LA ÜLTIMA TRANSACCIÓN
- campo de control: 20221123115937.0
008 - DATOS DE LONGITUD FIJA
- campo de control de longitud fija: 221107|| aca||aabn | a|a d
040 ## - FUENTE DE CATALOGACIÓN
- Agencia original de catalogación: MX-MxUPN
- Lenguaje de catalogación: spa
- Agencia de transcripción: MX-MxUPN
100 1# - ENCABEZAMIENTO - NOMBRE PERSONAL
- Nombre personal: Bas, Teresa
670 ## - FUENTE EN LA QUE SE LOCALIZARON DATOS
- Cita de la fuente: En la obra: Guía para la interpretación del MCMI, 1998:
- Información localizada: reverso de la portada (Teresa Bas)
902 ## - CATALOGADOR
- Catalogador: NDAF/231122
